| 000 | 01371nam a2200253 i 4500 | ||
|---|---|---|---|
| 003 | DO-SdBNP | ||
| 005 | 20250205113425.0 | ||
| 007 | ta | ||
| 008 | 230809e1987 dr ad||| |||| 00| 0 spa d | ||
| 040 |
_aDO-SdBNP _bspa _cBNPHU _erda |
||
| 082 | 4 |
_axxxx _bR426pr _222 |
|
| 110 | 1 |
_aRepública Dominicana. _bSecretaría de Estado de Educación, Bellas Artes y Cultos _923965 |
|
| 245 | 1 | 0 |
_aPrograma de octavo grado : _beducación básica / _cPresentación, Indiana Rodríguez de Molina |
| 246 | 1 | 0 |
_aEducación Básica : _bOctavo grado. |
| 264 | 1 |
_aSanto Domingo : _bSecretaría de Estado de Educación, Bellas Artes y Cultos, _c1987. |
|
| 300 |
_a364 páginas ; _bIlustraciones ; _c27 cm. |
||
| 336 |
_atexto _btxt _2rdacontent |
||
| 337 |
_asin mediación _bn _2rdamedia |
||
| 338 |
_avolumen _bnc _2rdacarrier |
||
| 505 |
_aPresentación-- _tAgradecimiento-- _tResolución no. 156-87-- _tComisión elaboradora-- _tComisión revisora-- _tLenguaje al servicio de la comunicación-- _tMatemáticas-- _tEstudios sociales-- _tFormación Integral, Humana y Religiosa-- _tActividades manuales y artes expresivas-- _tArtes plásticas-- _tEducación musical-- _tEducación para el hogar-- _tEducación Física, Deportes y Recreación-- _tLenguas extranjeras. |
||
| 590 | _aInventariado 2023 / MF | ||
| 700 | 1 |
_aRodríguez Molina, Indiana de, _epresentador _4pres. _983924 |
|
| 942 |
_2ddc _cLBS1 |
||
| 999 |
_c54360 _d54360 |
||